| 000 | 00479nam a2200181Ia 4500 | ||
|---|---|---|---|
| 001 | 20169 | ||
| 005 | 20260306172746.0 | ||
| 008 | 260306t2018||||xx |||||||||||||| ||spa|| | ||
| 041 | _aESP | ||
| 082 |
_a342.812 _bC23 |
||
| 100 |
_aCebrián Salvat, María Asunción _eAUT |
||
| 245 | 0 | _aEl contrato de franquicia en derecho internacional privado europeo | |
| 260 | _c2018 | ||
| 300 |
_a325 páginas : _c24 cm. |
||
| 650 | _aGEN | ||
| 654 | _aCDE | ||
| 942 |
_cLIB _dJUS _fJUS _2ddc _n |
||
| 999 |
_c20169 _d20169 |
||